[Event "85th ch-GER 2014"]
[Site "Verden an der Aller GER"]
[Date "2014.11.25"]
[Round "5.3"]
[White "Khenkin, Igor"]
[Black "Meins, Gerlef"]
[Result "1-0"]
[WhiteTitle "GM"]
[BlackTitle "IM"]
[WhiteElo "2575"]
[BlackElo "2443"]
[WhiteFideId "4659600"]
[BlackFideId "4620895"]
[EventDate "2014.11.21"]

1. d4 d5 2. c4 e6 3. Nf3 c5 4. cxd5 exd5 5. g3 Nc6 6. Bg2 Nf6 7. O-O Be7 8. Nc3
O-O 9. Bg5 cxd4 10. Nxd4 h6 11. Be3 Re8 12. Qa4 Bd7 13. Rfd1 Na5 14. Qc2 Nc4 15.
Nxd5 Nxd5 16. Bxd5 Nxe3 17. fxe3 Bg5 18. e4 Bh3 19. Qb3 Qe7 20. Rd3 Bf6 21. Rad1
Rad8 22. Qa3 Bxd4+ 23. Rxd4 Qxa3 24. bxa3 Rd7 25. Kf2 Rc7 26. Rc4 Rxc4 27. Bxc4
Rc8 28. Bd5 b6 29. Rd4 Kf8 30. Ra4 Rc7 31. Ke3 Bd7 32. Rc4 Rxc4 33. Bxc4 Ke7 34.
e5 Bc6 35. Kd4 Bb7 36. h4 Bc6 37. Bd5 Bb5 38. Bf3 Bd7 39. Kd5 Bb5 40. Bg4 Ba4
41. e6 f6 42. Bf5 Be8 43. Bd3 Ba4 44. Bc4 Be8 45. Bb3 Bh5 46. Bc4 Be8 47. e3 Ba4
48. Bb3 Bb5 49. a4 Be8 50. a5 bxa5 51. a4 g5 52. Kc5 gxh4 53. gxh4 a6 54. Kd5
Bg6 55. Kc6 Be8+ 56. Kc5 Bh5 57. Kb6 Be2 58. Kxa5 Kd6 59. Kb6 Bd3 60. a5 f5 61.
Kb7 Bb5 62. Kc8 Ke7 63. Kc7 Be2 64. Bd5 Bd3 65. Kc6 Be2 66. Kc5 Bb5 67. Kb6 Bd3
68. Bb7 Kxe6 69. Bxa6 Be4 70. Bc8+ 1-0

[Event "85th ch-GER 2014"]
[Site "Verden an der Aller GER"]
[Date "2014.11.25"]
[Round "5.4"]
[White "Bluebaum, Matthias"]
[Black "Buhmann, Rainer"]
[Result "1/2-1/2"]
[WhiteTitle "IM"]
[BlackTitle "GM"]
[WhiteElo "2537"]
[BlackElo "2601"]
[WhiteFideId "24651516"]
[BlackFideId "4651340"]
[EventDate "2014.11.21"]

1. c4 e6 2. g3 d5 3. Bg2 Nf6 4. Nf3 dxc4 5. Qa4+ Bd7 6. Qxc4 c5 7. Ne5 Qc8 8. d3
Nc6 9. Nxd7 Qxd7 10. Nd2 Be7 11. Nf3 O-O 12. O-O Rac8 13. Bd2 Rfd8 14. Rac1 Nd5
15. Rfd1 Bf6 16. Qb3 Nde7 17. Bc3 Bxc3 18. bxc3 b6 19. Nd2 Nf5 20. Nc4 Nd6 21.
a4 Nxc4 22. Qxc4 Na5 23. Qb5 Qe7 24. e3 g6 25. d4 Rc7 26. Bf3 Rcd7 27. Kg2 Kg7
28. h4 h5 29. Rb1 e5 30. dxc5 Rxd1 31. Rxd1 Rxd1 32. Bxd1 Qxc5 33. Qxc5 bxc5 34.
Bf3 Nc4 35. Bd5 Nb6 36. Bc6 f5 37. Kf3 e4+ 38. Ke2 Kf6 39. f3 a5 40. fxe4 fxe4
41. Bb5 Kf5 42. c4 Kg4 43. Kf2 g5 44. hxg5 Kxg5 45. Kg1 Nc8 46. Bc6 Nd6 47. Bd5
Kf5 48. Kf2 Ne8 49. Bc6 Nf6 50. Kf1 Kg4 51. Kg2 Kg5 52. Kf2 Ng4+ 53. Ke2 Ne5 54.
Bxe4 Kg4 55. Kf2 Nxc4 56. Bd3 Ne5 57. Be2+ Kg5 58. Ke1 h4 59. gxh4+ Kxh4 60. Kd2
Kg3 61. Ba6 Kf3 62. Bb7+ Kf2 63. e4 Kf3 64. Kc3 Kf4 65. Bd5 Kg5 66. Bc4 Nd7 67.
Bb5 Nb6 68. Kd3 Kf4 69. Bc6 Ke5 70. Bb5 Kd6 71. Kc3 Ke6 72. Kd3 Ke5 73. Bc6 c4+
74. Kc3 Kd6 75. Be8 Ke5 76. Bc6 Nxa4+ 77. Bxa4 Kxe4 1/2-1/2

[Event "85th ch-GER 2014"]
[Site "Verden an der Aller GER"]
[Date "2014.11.25"]
[Round "5.5"]
[White "Kalinitschew, Sergey"]
[Black "Kunin, Vitaly"]
[Result "0-1"]
[WhiteTitle "GM"]
[BlackTitle "GM"]
[WhiteElo "2392"]
[BlackElo "2585"]
[WhiteFideId "4637321"]
[BlackFideId "4128737"]
[EventDate "2014.11.21"]

1. Nf3 Nf6 2. c4 e6 3. Nc3 Bb4 4. g4 h6 5. Rg1 c5 6. h4 Nc6 7. g5 Nh5 8. a3 Ba5
9. Ne4 Qe7 10. Qc2 b6 11. Qd3 hxg5 12. hxg5 Nf4 13. Qe3 e5 14. b4 cxb4 15. Bb2
Ng6 16. Qd3 Ba6 17. Nd6+ Kf8 18. e3 Qe6 19. Qd5 Ke7 20. Ne4 Bb7 21. Qd3 Rad8 22.
c5 Ba8 23. Qc2 b3 24. Qd3 Nb8 25. cxb6 Bxb6 26. a4 d5 27. Ba3+ Ke8 28. Nc5 Bxc5
29. Bxc5 e4 30. Qb5+ Bc6 31. Nd4 Bxb5 32. Nxe6 Bxf1 33. Nxg7+ Kd7 34. Rxf1 Ne5
35. Ke2 Rdg8 36. Nf5 Rxg5 37. Nd4 b2 38. Rab1 Nd3 39. Ba3 Rg2 40. Bxb2 Rhh2 41.
Kd1 Rxf2 42. Rxf2 Rxf2 43. Kc2 Nb4+ 44. Kc3 N8c6 45. Nxc6 Nxc6 46. Ba3 d4+ 47.
exd4 Rf3+ 48. Kb2 Nxd4 49. Rh1 Rd3 50. Rh7 Rxd2+ 51. Kc3 Rd3+ 52. Kc4 Rxa3 53.
Kxd4 Rxa4+ 54. Ke5 Ke7 55. Rh3 a5 56. Rc3 Rb4 57. Rc7+ Kf8 58. Ra7 a4 59. Kf6
Rb6+ 60. Kf5 e3 61. Rxa4 e2 0-1

[Event "85th ch-GER 2014"]
[Site "Verden an der Aller GER"]
[Date "2014.11.25"]
[Round "5.6"]
[White "Bischoff, Klaus"]
[Black "Kabisch, Thilo"]
[Result "1-0"]
[WhiteTitle "GM"]
[WhiteElo "2502"]
[BlackElo "2204"]
[WhiteFideId "4600045"]
[BlackFideId "4603745"]
[EventDate "2014.11.21"]

1. d4 Nf6 2. c4 g6 3. Nc3 Bg7 4. e4 d6 5. Nf3 O-O 6. Be2 e5 7. d5 Nbd7 8. Be3
Ng4 9. Bg5 f6 10. Bh4 Nh6 11. Nd2 a5 12. f3 Nc5 13. g4 Bd7 14. Qc2 Nf7 15. h3
Bh6 16. O-O-O c6 17. Kb1 Rb8 18. Bf2 cxd5 19. Nxd5 Ba4 20. Nb3 b6 21. h4 Bf4 22.
Nc3 Bd7 23. Nc1 Bc6 24. Nd3 Nxd3 25. Qxd3 Kg7 26. Nd5 Bxd5 27. Qxd5 Qe7 28. Rd3
Rb7 29. Rb3 Rfb8 30. Rd1 Qc7 31. Rb5 Rc8 32. a3 Qc6 33. Rb3 Rcc7 34. Qb5 Qxb5
35. Rxb5 Rc6 36. b4 axb4 37. axb4 Nd8 38. c5 bxc5 39. bxc5 Rd7 40. Rb6 Rxb6+ 41.
cxb6 Nb7 42. Bb5 Rd8 43. Bc6 Na5 44. Bd5 Rc8 45. Kb2 Kf8 46. Be1 Rc5 47. Bxa5
Rxa5 48. b7 Rb5+ 49. Kc2 Be3 50. Ra1 1-0

[Event "85th ch-GER 2014"]
[Site "Verden an der Aller GER"]
[Date "2014.11.25"]
[Round "5.7"]
[White "Kollars, Dmitrij"]
[Black "Poetsch, Hagen"]
[Result "0-1"]
[BlackTitle "IM"]
[WhiteElo "2283"]
[BlackElo "2498"]
[WhiteFideId "12909572"]
[BlackFideId "24615137"]
[EventDate "2014.11.21"]

1. c4 e6 2. g3 Nf6 3. Bg2 d5 4. Nf3 Be7 5. O-O O-O 6. b3 d4 7. e3 c5 8. exd4
cxd4 9. Re1 Nc6 10. a3 a5 11. d3 Nd7 12. Nbd2 e5 13. Bb2 f6 14. Nh4 f5 15. Bd5+
Kh8 16. Qh5 Bxh4 17. Qxh4 Qxh4 18. gxh4 Nc5 19. Bxc6 bxc6 20. Rxe5 Nxd3 21. Bxd4
Nxe5 22. Bxe5 Rd8 23. Ra2 a4 24. b4 Rd3 25. b5 cxb5 26. cxb5 Rd5 27. f4 Rxb5 28.
Rc2 Kg8 29. Rc6 Ba6 30. Kf2 Rd5 31. Nf3 Bb5 32. Rc7 Bd7 33. h5 Rc8 34. Ra7 h6
35. Ke3 Rc2 36. Ra8+ Kf7 37. Ra6 Re2+ 38. Kxe2 Bb5+ 39. Kf2 Bxa6 40. Nd4 Bc8 41.
Ke3 Rc5 42. Kd2 Bd7 43. Bd6 Rc4 44. Be5 g6 45. h4 gxh5 0-1

[Event "85th ch-GER 2014"]
[Site "Verden an der Aller GER"]
[Date "2014.11.25"]
[Round "5.8"]
[White "Zehnter, Sebastian"]
[Black "Jugelt, Tobias"]
[Result "0-1"]
[BlackTitle "IM"]
[WhiteElo "2237"]
[BlackElo "2404"]
[WhiteFideId "24608670"]
[BlackFideId "4626150"]
[EventDate "2014.11.21"]

1. e4 d6 2. Nc3 g6 3. g3 Bg7 4. Bg2 c5 5. Nge2 Nc6 6. O-O e5 7. d3 Nge7 8. Be3
Be6 9. Qd2 Nd4 10. Nc1 O-O 11. Nd1 Qd7 12. c3 Ndc6 13. Ne2 Rfd8 14. d4 cxd4 15.
cxd4 d5 16. dxe5 d4 17. Bf4 Rac8 18. Nc1 d3 19. Ne3 Nxe5 20. Bxe5 Bxe5 21. Rd1
Rc2 22. Qxd3 Rxb2 23. Qxd7 Rxd7 24. Rxd7 Bxd7 25. Nd3 Rb5 26. Nxe5 Rxe5 27. Rd1
Be6 28. a3 Rc5 29. Rd3 Rc1+ 30. Bf1 Kg7 31. f4 Nc6 32. Kf2 Na5 33. Be2 Ra1 34.
Nc2 Ra2 35. Rc3 Bb3 36. Bd3 Bxc2 37. Bxc2 b5 38. Ke1 a6 39. h3 h5 40. Bd3 Kf6
41. h4 Ke6 42. Kd1 Kd6 43. Be2 Nc4 44. Bxc4 bxc4 45. Rxc4 Rxa3 46. e5+ Kd7 47.
Rd4+ Ke7 48. Rd6 a5 49. f5 gxf5 50. Rf6 Rxg3 51. Rxf5 a4 52. Kc2 Re3 53. Rxh5
Ke6 54. Rh6+ Kxe5 55. Ra6 a3 56. h5 f5 57. h6 Rh3 58. Kd1 Rh1+ 59. Ke2 a2 60. h7
Rxh7 61. Kf3 Rh2 62. Ke3 Kd5 63. Kf4 Kc4 64. Ra8 Kb3 65. Rb8+ Kc2 66. Ra8 Kb1
67. Rb8+ Rb2 68. Ke5 0-1

[Event "85th ch-GER 2014"]
[Site "Verden an der Aller GER"]
[Date "2014.11.25"]
[Round "5.9"]
[White "Plischki, Sebastian"]
[Black "Stern, Rene"]
[Result "1/2-1/2"]
[WhiteTitle "IM"]
[BlackTitle "GM"]
[WhiteElo "2396"]
[BlackElo "2546"]
[WhiteFideId "4637143"]
[BlackFideId "4611799"]
[EventDate "2014.11.21"]

1. d4 Nf6 2. c4 e6 3. Nc3 d5 4. Nf3 Nbd7 5. Bg5 Bb4 6. cxd5 exd5 7. Qc2 h6 8.
Bh4 c5 9. e3 Qa5 10. Bd3 c4 11. Bf5 g6 12. Bxg6 Bxc3+ 13. bxc3 fxg6 14. Qxg6+
Kf8 15. O-O Qa6 16. Rae1 Qe6 17. Nd2 Qf7 18. Qxf7+ Kxf7 19. e4 Nb6 20. e5 Ne8
21. f4 Bf5 22. e6+ Kf8 23. h3 Rg8 24. Kh2 h5 25. Bg5 Nd6 26. Re5 Re8 27. Bh6+
Ke7 28. Bg5+ Kf8 29. Bh6+ Ke7 30. Bg5+ 1/2-1/2

[Event "85th ch-GER 2014"]
[Site "Verden an der Aller GER"]
[Date "2014.11.25"]
[Round "5.10"]
[White "Bastian, Herbert"]
[Black "Graf, Felix"]
[Result "0-1"]
[WhiteTitle "IM"]
[BlackTitle "IM"]
[WhiteElo "2317"]
[BlackElo "2476"]
[WhiteFideId "4601700"]
[BlackFideId "24608904"]
[EventDate "2014.11.21"]

1. e4 e6 2. d4 d5 3. e5 c5 4. c3 Nc6 5. Nf3 Bd7 6. Be2 Nge7 7. dxc5 Ng6 8. Be3
Ncxe5 9. Nxe5 Nxe5 10. Nd2 h5 11. h3 Rc8 12. Nf3 Nxf3+ 13. Bxf3 Qf6 14. Bd4 Qg5
15. h4 Qg6 16. Qb3 Bc6 17. O-O-O Be7 18. Rde1 Bxh4 19. Rxh4 Qg5+ 20. Kb1 Qxh4
21. Bxg7 Rg8 22. Bd4 Qg5 23. Re5 Qg6+ 24. Kc1 Kd7 25. Rxh5 f6 26. Qd1 Rh8 27. g3
Kc7 28. Qe2 Rxh5 29. Bxh5 Qg5+ 30. Be3 Qg7 31. b4 a6 32. c4 dxc4 33. Qxc4 e5 34.
a4 Bxa4 35. Bf3 Kb8 36. Qe6 Bc6 37. Qd6+ Ka8 38. Bxc6 bxc6 39. Qe6 Kb7 40. g4
Rd8 41. Kb2 Rd7 42. Qf5 Qh7 43. Qxf6 Qe4 44. Qe6 Qxb4+ 45. Ka2 Qa4+ 46. Kb2 Qb5+
47. Kc1 Qf1+ 48. Kb2 Qe2+ 49. Kb1 Qd3+ 50. Kb2 Ka7 0-1

[Event "85th ch-GER 2014"]
[Site "Verden an der Aller GER"]
[Date "2014.11.25"]
[Round "5.11"]
[White "Schmid, Roland GER"]
[Black "Schild, Christoph"]
[Result "1-0"]
[BlackTitle "FM"]
[WhiteElo "2249"]
[BlackElo "2424"]
[WhiteFideId "24647810"]
[BlackFideId "4637089"]
[EventDate "2014.11.21"]

1. d4 e6 2. c4 Nf6 3. Nf3 b6 4. g3 Bb4+ 5. Bd2 Qe7 6. Bg2 Bb7 7. O-O Bxd2 8.
Qxd2 O-O 9. Nc3 d6 10. d5 e5 11. b4 Nbd7 12. Rfc1 Rfe8 13. Ne1 e4 14. Nc2 Qe5
15. Nb5 Rec8 16. Nbd4 a6 17. f4 Qh5 18. h3 h6 19. Ne3 Qg6 20. g4 Re8 21. Nef5
Kh8 22. e3 b5 23. cxb5 Nxd5 24. bxa6 Rxa6 25. Bf1 Raa8 26. Bb5 Rad8 27. Bc6 Bxc6
28. Nxc6 N7f6 29. Nh4 Qh7 30. Nxd8 Rxd8 31. a4 g5 32. Ng2 Rg8 33. Rf1 h5 34.
fxg5 Rxg5 35. Qd4 Qg7 36. a5 hxg4 37. h4 Re5 38. a6 Nb6 39. Ra5 Nfd7 40. a7 Na8
41. Rxe5 Nxe5 42. Qxe4 c6 43. Qf5 Nb6 44. Kh1 Nf3 45. Qa5 Na8 46. Qd8+ Kh7 47.
Qxd6 f5 48. Qb8 Nc7 49. a8=Q Nxa8 50. Qxa8 Qe5 51. Qb7+ Kg8 52. Nf4 Qf6 53. Qc8+
Kf7 54. Qd7+ Kf8 55. Ne6+ Kg8 56. Qd8+ 1-0

[Event "85th ch-GER 2014"]
[Site "Verden an der Aller GER"]
[Date "2014.11.25"]
[Round "5.12"]
[White "Hundack, Rolf"]
[Black "Asendorf, Joachim"]
[Result "1-0"]
[BlackTitle "FM"]
[WhiteElo "2223"]
[BlackElo "2298"]
[WhiteFideId "4653092"]
[BlackFideId "4639260"]
[EventDate "2014.11.21"]

1. c4 e6 2. g3 d5 3. Bg2 c5 4. Nf3 Nc6 5. O-O Nf6 6. e3 Be7 7. b3 O-O 8. Bb2 d4
9. exd4 cxd4 10. Re1 Re8 11. d3 Bc5 12. a3 a5 13. Nbd2 e5 14. Ng5 Bg4 15. Bf3
Bf5 16. Nge4 Nxe4 17. Nxe4 Bf8 18. h4 Bc8 19. Bg2 Ra6 20. Bc1 h6 21. Qc2 Bg4 22.
Rb1 Qd7 23. c5 Be6 24. Nd2 Bd5 25. Bxd5 Qxd5 26. b4 axb4 27. axb4 Ra2 28. Qc4
Rd8 29. Qxd5 Rxd5 30. Nc4 f6 31. f4 Kf7 32. Rf1 Re2 33. Rf2 Re1+ 34. Rf1 Rxf1+
35. Kxf1 Rd8 36. b5 Nb8 37. fxe5 Bxc5 38. exf6 Kxf6 39. Bf4 Nd7 40. Na5 b6 41.
Nc4 g5 42. hxg5+ hxg5 43. Bd2 Rh8 44. Kg2 Re8 45. Rf1+ Kg6 46. g4 Re2+ 47. Kf3
Re7 48. Rh1 Rf7+ 49. Kg3 Be7 50. Re1 Bc5 51. Re8 Be7 52. Rc8 Bc5 53. Rg8+ Kh7
54. Rxg5 Rf1 55. Rf5 Rxf5 56. gxf5 Nf6 57. Bf4 Nd5 58. Bd6 Bxd6+ 59. Nxd6 Nb4
60. Kf3 Nxd3 61. Ke4 Nc5+ 62. Kxd4 Kg7 63. Ne4 Nb3+ 64. Kd5 1-0

[Event "85th ch-GER 2014"]
[Site "Verden an der Aller GER"]
[Date "2014.11.25"]
[Round "5.13"]
[White "Gutman, Lev"]
[Black "Steffens, Olaf"]
[Result "1-0"]
[WhiteTitle "GM"]
[BlackTitle "FM"]
[WhiteElo "2408"]
[BlackElo "2279"]
[WhiteFideId "4600177"]
[BlackFideId "4630564"]
[EventDate "2014.11.21"]

1. Nf3 Nc6 2. d4 d5 3. g3 Bg4 4. Bg2 e6 5. O-O Nf6 6. c4 Bd6 7. Nbd2 O-O 8. b3
e5 9. c5 Be7 10. Nxe5 Nxe5 11. dxe5 Nd7 12. Bxd5 Nxc5 13. Nc4 Bxe2 14. Bxf7+
Rxf7 15. Qxe2 Qd5 16. Be3 Raf8 17. Qg4 Ne4 18. Rad1 Qc6 19. Qd7 Qg6 20. e6 Rf3
21. Ne5 Qf5 22. Nxf3 Qxf3 23. Qxe7 Nc3 24. Rd2 h5 25. Bd4 Ne2+ 26. Rxe2 Qg4 27.
Qxg7+ Qxg7 28. Bxg7 Kxg7 29. e7 Re8 30. Rd1 1-0

[Event "85th ch-GER 2014"]
[Site "Verden an der Aller GER"]
[Date "2014.11.25"]
[Round "5.14"]
[White "Bodrozic, Tomislav"]
[Black "Harff, Marcel"]
[Result "0-1"]
[BlackTitle "FM"]
[WhiteElo "2322"]
[BlackElo "2273"]
[WhiteFideId "24630993"]
[BlackFideId "24621382"]
[EventDate "2014.11.21"]

1. e4 e6 2. d4 d5 3. Nd2 dxe4 4. Nxe4 Nd7 5. g3 Ngf6 6. Nxf6+ Qxf6 7. Nf3 h6 8.
Bg2 Bd6 9. O-O O-O 10. c4 Rd8 11. Qe2 c6 12. b3 Qe7 13. Bb2 a5 14. a4 Rb8 15.
Rfd1 Re8 16. Nd2 e5 17. d5 cxd5 18. cxd5 Nc5 19. Ba3 b6 20. Nc4 Ba6 21. Qg4 Bxc4
22. Qxc4 Rec8 23. Bh3 Rc7 24. Rac1 e4 25. Qb5 e3 26. Qe2 exf2+ 27. Qxf2 Rd8 28.
Qf3 Qg5 29. Rc4 Re7 30. Bc1 Qe5 31. Bf1 Ne4 32. Bf4 Ng5 33. Bxg5 Qxg5 34. Re4
Rde8 35. Rde1 Qxd5 36. Bc4 Rxe4 37. Bxd5 Rxe1+ 38. Kg2 R8e7 39. Bc4 Bc5 40. Qf5
R1e5 41. Qc8+ Kh7 42. g4 g6 43. Qc6 Kg7 44. h4 Re1 45. Qf3 R1e3 46. Qd5 R3e4 47.
Kg3 Rd4 48. Qg2 Re3+ 49. Kh2 Bd6+ 50. Kg1 Rd1+ 0-1

[Event "85th ch-GER 2014"]
[Site "Verden an der Aller GER"]
[Date "2014.11.25"]
[Round "5.15"]
[White "Krause, Ullrich"]
[Black "Breutigam, Martin"]
[Result "0-1"]
[WhiteTitle "FM"]
[BlackTitle "IM"]
[WhiteElo "2276"]
[BlackElo "2409"]
[WhiteFideId "4613058"]
[BlackFideId "4601840"]
[EventDate "2014.11.21"]

1. d4 d5 2. Nf3 Nf6 3. c4 c6 4. e3 Bg4 5. Nbd2 Nbd7 6. Qc2 e6 7. Bd3 Bd6 8. O-O
O-O 9. b3 Rc8 10. Bb2 c5 11. Ne5 cxd4 12. exd4 Bh5 13. f4 dxc4 14. bxc4 Bg6 15.
Bxg6 hxg6 16. Ndf3 Nb6 17. Qe2 Na4 18. Rad1 Nxb2 19. Qxb2 Qc7 20. Qb3 b6 21. Ng5
Bxe5 22. fxe5 Nh7 23. Nxh7 Kxh7 24. Rc1 Kg8 25. Qe3 Qd7 26. Rfd1 Qa4 27. Qb3 Qa5
28. a3 Rfd8 29. Qb4 Qa6 30. Rc3 Qb7 31. d5 Rc5 32. d6 Qe4 33. h3 Qxe5 34. Rcd3
Rc6 35. Kh1 Qc5 36. Qd2 Rd7 37. a4 Qxc4 38. Rd4 Qc5 39. Qd3 Qf5 40. Qe3 Qc5 41.
Qd3 g5 42. Qg3 g6 43. Qd3 Qc3 44. Qe4 Qc5 45. Qd3 Qf5 46. Qg3 Kg7 47. Qe3 Qc5
48. Qd3 Qe5 49. Qd2 a6 50. Re1 Qa5 51. Qxa5 bxa5 52. Re5 Rdxd6 53. Rxd6 Rxd6 54.
Rxa5 f5 55. Kg1 Kf6 56. Kf2 f4 57. Kf3 Rc6 58. Ke2 e5 59. Kf2 Kf5 60. Kf3 Rb6
61. Kf2 Ke4 62. Ke2 Kd4 63. Kf2 Rb2+ 64. Kg1 e4 65. Rxa6 Rb1+ 66. Kf2 e3+ 67.
Ke2 Rg1 0-1

[Event "85th ch-GER 2014"]
[Site "Verden an der Aller GER"]
[Date "2014.11.25"]
[Round "5.16"]
[White "Skibbe, Willi"]
[Black "Thiel, Thomas"]
[Result "0-1"]
[WhiteTitle "FM"]
[BlackTitle "FM"]
[WhiteElo "2274"]
[BlackElo "2323"]
[WhiteFideId "4682190"]
[BlackFideId "4615964"]
[EventDate "2014.11.21"]

1. d4 d5 2. c4 c6 3. Nf3 Nf6 4. Nc3 dxc4 5. a4 Bf5 6. Nh4 Bc8 7. Nf3 Bf5 8. Nh4
Bc8 9. e3 Bg4 10. f3 Bd7 11. e4 e6 12. g3 b5 13. axb5 cxb5 14. Be3 a5 15. Bg2
Qb6 16. Qe2 Nc6 17. Rd1 Nb4 18. O-O Nd3 19. b3 g5 20. Nf5 exf5 21. e5 f4 22.
exf6 O-O-O 23. bxc4 bxc4 24. gxf4 gxf4 25. Nd5 Qe6 26. Rxd3 Qxd5 27. Rc3 Bb5 28.
Bf2 Bb4 29. Bh3+ Kb7 30. Qc2 Rhg8+ 31. Kh1 Rde8 32. Bf5 Bxc3 33. Be4 Rxe4 34.
fxe4 Ba4 35. Qe2 Bc6 0-1

[Event "85th ch-GER 2014"]
[Site "Verden an der Aller GER"]
[Date "2014.11.25"]
[Round "5.18"]
[White "Keymer, Vincent"]
[Black "Mueller, Reinhold"]
[Result "1-0"]
[BlackTitle "FM"]
[WhiteElo "2116"]
[BlackElo "2289"]
[WhiteFideId "12940690"]
[BlackFideId "24605875"]
[EventDate "2014.11.21"]

1. d4 Nf6 2. c4 c5 3. d5 d6 4. Nc3 g6 5. e4 Bg7 6. Bd3 O-O 7. Nf3 e6 8. O-O exd5
9. exd5 Bg4 10. h3 Bxf3 11. Qxf3 Nbd7 12. Qd1 Re8 13. Bf4 Ne5 14. Be2 Nfd7 15.
Qd2 f5 16. Rfe1 Nf7 17. Nb5 Nde5 18. Be3 a6 19. Nc3 Qh4 20. Bf4 Re7 21. Bg3 Qd4
22. Red1 Qxd2 23. Rxd2 Rae8 24. f4 Nd7 25. Re1 Re3 26. Bf2 Rxc3 27. bxc3 Bxc3
28. Bd3 Rxe1+ 29. Bxe1 Bxd2 30. Bxd2 Nh6 31. Kf2 Kf7 32. Kf3 Nf6 33. Bc3 Ke7 34.
a4 Kf7 35. Be1 Ke7 36. Bf2 Kf7 37. Bh4 Ke7 38. Ke3 Kf7 39. Kf3 Kg7 40. a5 Kf7
41. Bb1 Nd7 42. g4 fxg4+ 43. hxg4 b6 44. Be1 Ng8 45. Bc2 bxa5 46. Bxa5 Ngf6 47.
g5 Ng8 48. Bc7 Ke7 49. Kg4 Nf8 50. f5 gxf5+ 51. Bxf5 Ng6 52. Be6 Ne5+ 53. Kf5 h6
54. g6 Nxc4 55. Bxg8 Kf8 56. Bf7 Kg7 57. Bd8 Ne3+ 58. Ke6 Ng4 59. Ba5 Ne5 60.
Bc3 Kf8 61. Bxe5 dxe5 62. Kf6 1-0

[Event "85th ch-GER 2014"]
[Site "Verden an der Aller GER"]
[Date "2014.11.25"]
[Round "5.19"]
[White "Kuersten, Ruediger"]
[Black "Hoeffer, David"]
[Result "1-0"]
[WhiteElo "2179"]
[BlackElo "2276"]
[WhiteFideId "24605816"]
[BlackFideId "24606766"]
[EventDate "2014.11.21"]

1. d4 Nf6 2. c4 g6 3. g3 Bg7 4. Nc3 O-O 5. Bg2 d6 6. Nf3 Nc6 7. O-O a6 8. Bg5 h6
9. Bxf6 exf6 10. a3 f5 11. Rc1 g5 12. e3 Ne7 13. Ne1 Ng6 14. Nd3 Rb8 15. b4 f4
16. gxf4 gxf4 17. Nxf4 Nxf4 18. exf4 Qh4 19. Ne2 Re8 20. Qd2 Qf6 21. Rc3 Bg4 22.
Re3 Kh8 23. h3 Bd7 24. Kh2 Rg8 25. Rg1 b6 26. Bd5 Rbe8 27. Rg2 c6 28. Be4 Qh4
29. Bc2 Rxe3 30. Qxe3 Re8 31. Qd3 Qxh3+ 32. Qxh3 Bxh3 33. Kxh3 Rxe2 34. f3 Re3
35. Be4 Rxa3 36. Bxc6 Rd3 37. Ra2 Bxd4 38. Rxa6 Rd1 39. Bd5 f5 40. Ra8+ Kg7 41.
Rd8 Be3 42. Rd7+ Kh8 43. Rf7 Bxf4 44. Rxf5 Bd2 45. b5 Kg7 46. Rf7+ Kg6 47. Rb7
Be3 48. Re7 Bc5 49. Kg4 h5+ 50. Kg3 Rd2 51. Re8 Bf2+ 52. Kh3 Bc5 53. Be4+ Kg7
54. Re6 Rd4 55. Bd5 Rd2 56. Kh4 Rh2+ 57. Kg5 Rg2+ 58. Kxh5 Kf8 59. f4 Rg1 60. f5
Bb4 61. Rh6 Rg3 62. Rf6+ Ke8 63. Re6+ Kf8 64. f6 Rg1 65. f7 Re1 66. Rg6 Re5+ 67.
Kg4 Rxd5 68. cxd5 Kxf7 69. Kf5 Bc5 70. Rh6 Kg7 71. Rf6 Bb4 72. Ke6 Bc5 73. Rf7+
Kg6 74. Rd7 1-0

[Event "85th ch-GER 2014"]
[Site "Verden an der Aller GER"]
[Date "2014.11.25"]
[Round "5.20"]
[White "Buchal, Stephan"]
[Black "Schulz, Michael1"]
[Result "1-0"]
[WhiteTitle "FM"]
[BlackTitle "FM"]
[WhiteElo "2255"]
[BlackElo "2233"]
[WhiteFideId "4603915"]
[BlackFideId "4616731"]
[EventDate "2014.11.21"]

1. c4 e5 2. g3 h5 3. h4 Nc6 4. Bg2 Nf6 5. Nc3 Bb4 6. Nd5 Nxd5 7. cxd5 Ne7 8. Nf3
Bd6 9. e4 c6 10. O-O c5 11. b4 cxb4 12. d4 Ng6 13. Rb1 a5 14. Bb2 Qe7 15. dxe5
Nxe5 16. Nd4 f6 17. Nf5 Qf8 18. Nxd6+ Qxd6 19. f4 Ng4 20. e5 fxe5 21. fxe5 Qh6
22. Bd4 b6 23. Qf3 Qg6 24. Qf4 Ba6 25. Be4 Qh6 26. Qf7+ Kd8 27. d6 Bxf1 28. Rxf1 1-0

[Event "85th ch-GER 2014"]
[Site "Verden an der Aller GER"]
[Date "2014.11.25"]
[Round "5.22"]
[White "Mueller, Oliver"]
[Black "Krallmann, Matthias"]
[Result "1-0"]
[WhiteTitle "FM"]
[BlackTitle "FM"]
[WhiteElo "2258"]
[BlackElo "2221"]
[WhiteFideId "4633385"]
[BlackFideId "4613848"]
[EventDate "2014.11.21"]

1. d4 d5 2. c4 c6 3. Nf3 Nf6 4. e3 Bf5 5. Nc3 e6 6. Nh4 Bg6 7. Nxg6 hxg6 8. g3
Nbd7 9. Bd2 dxc4 10. Bxc4 Be7 11. Qf3 O-O 12. Rd1 e5 13. Bb3 exd4 14. exd4 Nb6
15. Be3 Nbd5 16. O-O Qd7 17. Bg5 Rad8 18. Rfe1 Rfe8 19. h4 Qf5 20. Qxf5 gxf5 21.
Re5 Nxc3 22. bxc3 Nd5 23. Rde1 Kf8 24. Bxd5 f6 25. Rxf5 Rxd5 26. Rxd5 cxd5 27.
Bd2 Kf7 28. Kf1 Rc8 29. Rb1 b6 30. Ke2 Rc4 31. Kd3 Ra4 32. Rb2 Ba3 33. Rc2 b5
34. Bf4 a6 35. f3 Rc4 36. g4 Rc8 37. h5 Re8 38. Re2 Rxe2 39. Kxe2 a5 40. Bc7 a4
41. Kd2 Ke6 42. f4 Be7 43. f5+ Kf7 44. Kc2 Kg8 45. Bf4 Kh7 46. Kd3 Kg8 47. Ke2
Kh7 48. Kf3 Kg8 49. Kg3 Kh7 50. Kh4 Ba3 51. g5 fxg5+ 52. Kxg5 Be7+ 53. Kg4 Ba3
54. f6 g6 55. Kg5 gxh5 56. Kxh5 Bb2 57. Bd2 b4 58. cxb4 Bxd4 59. Kg5 Bb6 60. Kf5
d4 61. Ke6 Kg8 1-0

[Event "85th ch-GER 2014"]
[Site "Verden an der Aller GER"]
[Date "2014.11.26"]
[Round "6.1"]
[White "Fridman, Daniel"]
[Black "Khenkin, Igor"]
[Result "1/2-1/2"]
[WhiteTitle "GM"]
[BlackTitle "GM"]
[WhiteElo "2639"]
[BlackElo "2575"]
[WhiteFideId "11600454"]
[BlackFideId "4659600"]
[EventDate "2014.11.21"]

1. d4 d5 2. c4 c6 3. Nc3 Nf6 4. Nf3 e6 5. Bg5 h6 6. Bxf6 Qxf6 7. e3 g6 8. Qc2
Nd7 9. cxd5 exd5 10. Bd3 Bg7 11. O-O O-O 12. Rad1 Qe7 13. Ne2 Nf6 14. Ne5 Ng4
15. Nf3 Nf6 16. Ne5 Ng4 17. Nf3 Nf6 18. Ne5 Ng4 19. Nf3 1/2-1/2

[Event "85th ch-GER 2014"]
[Site "Verden an der Aller GER"]
[Date "2014.11.26"]
[Round "6.2"]
[White "Siebrecht, Sebastian"]
[Black "Wagner, Dennis"]
[Result "0-1"]
[WhiteTitle "GM"]
[BlackTitle "IM"]
[WhiteElo "2464"]
[BlackElo "2484"]
[WhiteFideId "4609352"]
[BlackFideId "24650684"]
[EventDate "2014.11.21"]

1. d4 Nf6 2. c4 g6 3. f3 d5 4. cxd5 Nxd5 5. e4 Nb6 6. Nc3 Bg7 7. Be3 O-O 8. Qd2
Nc6 9. O-O-O Qd6 10. Nb5 Qd7 11. Kb1 Rd8 12. d5 a6 13. Na3 Qe8 14. Ne2 e6 15.
Bg5 f6 16. Bf4 Qf7 17. Nc3 exd5 18. exd5 Nb4 19. d6 Be6 20. b3 f5 21. Rc1 cxd6
22. Be3 N6d5 23. Nxd5 Nxd5 24. Bd4 b5 25. Nc2 Be5 26. g3 Rac8 27. f4 Nc3+ 28.
Kb2 Nxa2 29. fxe5 Nxc1 30. Qxc1 dxe5 31. Bb6 Bxb3 32. Bxd8 Rxc2+ 33. Qxc2 Bxc2
34. Kxc2 0-1